As Aventuras de Huckleberry Finn (Registo nº 198714)
[ vista simples ]
| 000 -Etiqueta do registo | |
|---|---|
| Valores | 00715nam 22002053 4500 |
| 100 ## - Dados gerais de processamento | |
| Dados gerais | 20251030d u||y0pory50 ba |
| 101 ## - Língua de publicação | |
| Língua | Português |
| 200 ## - Titulo e menção de responsabilidade | |
| Título próprio | As Aventuras de Huckleberry Finn |
| Primeira menção de responsabilidade | Mark Twain |
| Outras menções de responsabilidade | Tradução de Miriam Marder Silva Monteiro |
| 210 ## - Publicação | |
| Local de publicação | Mem Martins |
| Nome do editor | Publicações Europa-América |
| Data de publicação | 1976 (imp.) |
| 215 ## - Descrição física | |
| Paginação / Volumes | 249, [3] p. |
| Outras indicações físicas | Brochado |
| Dimensões | 18 cm |
| 225 ## - Colecção | |
| Título próprio da colecção | Livros de Bolso Europa-América |
| Indicação de volume | 143 |
| 300 ## - Notas gerais | |
| Texto da nota | Romance juvenil de aventura |
| 606 ## - Nome comum usado como assunto | |
| ID Autoridade | 57 |
| Palavra de ordem | Literatura Juvenil Americana |
| 675 ## - CDU | |
| Notação | 821.111(73)-311.3-93/TWA/AVE |
| Edição | PT |
| Língua | por |
| 700 ## - Autor principal (pessoa individual) | |
| ID Autoridade | 784 |
| Apelido | Twain |
| Nome | Mark |
| Datas | 1835-1910 |
| 801 ## - Fonte de origem | |
| País | PT |
| Agência | BMMN |
| Regras de catalogação | RPC |
| 830 ## - Notas gerais do catalogador | |
| Criado por | Carlos Pinto |
| Data de criação | 30-10-2025 |
| Indexado por | Carlos Pinto |
| 990 ## - Elementos KOHA | |
| Tipo de documento | Livro |
| Situação do levantamento | Biblioteca de origem | Código de barras | Cota | Permissão de empréstimo | Tipo de documento | Forma de aquisição |
|---|---|---|---|---|---|---|
| Biblioteca Escolar nº 2 | 27177 | 821.111(73)-311.3-93/TWA/AVE | Livro | Oferta |